Some Independent Government agencies in the Indian Constitution (Record no. 1365199)

MARC details
000 -LEADER
fixed length control field 00802nam a2200277Ia 4500
008 - FIXED-LENGTH DATA ELEMENTS--GENERAL INFORMATION
fixed length control field 160321s9999||||xx |||||||||||||| ||und||
040 ## - CATALOGING SOURCE
Transcribing agency English
082 ## - DEWEY DECIMAL CLASSIFICATION NUMBER
Classification number XI.B Sharma
082 ## - DEWEY DECIMAL CLASSIFICATION NUMBER
Item number BORI-54601
100 ## - MAIN ENTRY--PERSONAL NAME
Personal name Ram Sharma
245 ## - TITLE STATEMENT
Title Some Independent Government agencies in the Indian Constitution
260 ## - PUBLICATION, DISTRIBUTION, ETC. (IMPRINT)
Place of publication, distribution, etc Sholapur
260 ## - PUBLICATION, DISTRIBUTION, ETC. (IMPRINT)
Name of publisher, distributor, etc Institution of Public Administration
300 ## - PHYSICAL DESCRIPTION
Extent v+64
300 ## - PHYSICAL DESCRIPTION
Dimensions A
300 ## - PHYSICAL DESCRIPTION
Accompanying material Paperbook
530 ## - ADDITIONAL PHYSICAL FORM AVAILABLE NOTE
Uniform Resource Identifier <a href="00069501.pdf">00069501.pdf</a>
563 ## - BINDING INFORMATION
Binding note Study
600 ## - SUBJECT ADDED ENTRY--PERSONAL NAME
Personal name Ram Sharma
630 ## - SUBJECT ADDED ENTRY--UNIFORM TITLE
Uniform title Some Independent Government agencies in the Indian Constitution
650 ## - SUBJECT ADDED ENTRY--TOPICAL TERM
Topical term or geographic name as entry element "Social History,Culture"
650 ## - SUBJECT ADDED ENTRY--TOPICAL TERM
Topical term or geographic name as entry element General Indology
700 ## - ADDED ENTRY--PERSONAL NAME
Personal name Ram Sharma
730 ## - ADDED ENTRY--UNIFORM TITLE
Uniform title Some Independent Government agencies in the Indian Constitution
942 ## - ADDED ENTRY ELEMENTS (KOHA)
Koha item type Book
Holdings
Withdrawn status Lost status Damaged status Not for loan Home library Current library Date acquired Total Checkouts Full call number Barcode Date last seen Price effective from Koha item type
        Bhandarkar Oriental Research Institute, Pune Bhandarkar Oriental Research Institute, Pune     BORI-54601 BORI-54601 03/21/2016 03/21/2016 Book